Estadísticas para Adivinhe a série/filme/animação pelos personagens

Haz click aquí para intentar la prueba.

Estadísticas generales

  • Esta prueba ha sido intentada 20 veces
  • La puntuación promedio es 14 de 117

Estadísticas de respuestas

PersonagemProdução% Correcto
Will ByersStranger Things
71%
Chandler BingFriends
59%
TonksHarry potter
53%
MJHomem Aranha
47%
TufãoAvenida Brasil
41%
Scott McCallTeen Wolf
41%
GuzmánElite
35%
Mark SolanGrey's anatomy
35%
Barney StinsonHow I Met Your Mother
35%
Saul GoodmanBreaking Bad
29%
Amy SantiagoBrooklyn Nine Nine
29%
AnciãDoutor Estranho
29%
EstocolmoLa Casa de Papel
29%
Penny HofstadterThe Big Bang Theory
29%
Carol PeletierThe Walking Dead
29%
CarusoTodo Mundo Odeia o Chris
29%
Ilyn PayneGame of Thrones
24%
Dr eric ForemanHouse
24%
Charlotte RichardsLucifer
24%
MillhouseOs Simpsons
24%
Alison DiLaurentisPretty Little Liars
24%
Maeve WileySex Education
24%
Rowena MacLeodSupernatural
24%
Raven ReyesThe 100
24%
Harry WellsThe Flash
24%
Katherine PierceThe Vampire Diaries
24%
Jhon DiggleArrow
18%
Latrell SpencerAs Branquelas
18%
LeviAttack on Titan
18%
Bala de CanhãoBen 10
18%
Andrew GlaubermanBig Mouth
18%
NearDeath Note
18%
GotenDragon Ball Z
18%
Pepper pottsHomem de Ferro
18%
Hurley reyesLost
18%
AceOne Piece
18%
SmearglePokemon
18%
Picle RickRick and Morty
18%
Alice smithRiverdale
18%
Jason ToddTitans
18%
Clay jensen13 reasons why
12%
OzaiAvatar The Last Air Bender
12%
Mikkel NielsenDark
12%
Foggy NelsonDemolidor
12%
PatamonDigimon
12%
Janet kyleEu a Patroa e as Crianças
12%
Javier PeñaNarcos
12%
Tasha JeffersonOrange is The New Black
12%
WolfgangSense8
12%
AsunaSword Art Online
12%
ElizabethThe Crown
12%
Chidi AnagonyeThe Good Place
12%
AthelstanVikings
12%
Laura MoonAmerican Gods
6%
SumireBoruto
6%
Maria rambeauCapitã Marvel
6%
MirajenneFairy Tail
6%
Maddison ClarkFear The Walking Dead
6%
Claire underwoodHouse of Cards
6%
Patty BadellInsatiable
6%
VillanelleKilling Eve
6%
GideonLegends of Tomorrow
6%
Raul LemosMasterchef
6%
All MightMy Hero Academia
6%
MifuneNaruto Shippudden
6%
Elena alvarezOne Day at Time
6%
GenosOne Punch Man
6%
SyndromeOs incríveis
6%
CrockerOs Padrinhos Magicos
6%
MbakuPantera Negra
6%
Lincon BurrowsPrison Break
6%
Colleen WingPunho de Ferro
6%
Abby hammondSanta Clarita Diet
6%
Dr.SivanaShazam
6%
UhtredThe Last Kingdom
6%
Hunter PercyThe OA
6%
RasmusThe Rain
6%
Jack pearsonThis is Us
6%
Haise SasakiTokyo Ghoul
6%
06Tropa de Elite
6%
Teddy FloodWestworld
6%
Candace stoneYou
6%
SaibaYu Gi Oh!
6%
Joana Coelho3%
0%
Asami SatoA Lenda de Korra
0%
Takeshi KovacsAltered Carbon
0%
Theo CrainA Maldição da Residência Hill
0%
MeeraAquaman
0%
UlquioraBleach
0%
RomanBlindspot
0%
Nadia VulvokovBoneca Russa
0%
Maria LuisaCoisa Mais Linda
0%
LucyDesencanto
0%
Tadokoro MegumiFood Wars
0%
WinryFull Metal Alchemist
0%
Nida RahimGHOUL Trama demoníaca
0%
Beth BolandGood Girls
0%
Nate LaheyHow to Get Away With Murder
0%
Trish WalkerJessica Jones
0%
SeobiKingdom
0%
David HallerLegion
0%
Misty KnightLuke Cage
0%
Deyse PaparotoMasterchef Profissionais
0%
AntíopeMulher Maravilha
0%
Faustus blackwoodMundo Sombrio de Sabrina
0%
Marco RuffoO Mecanismo
0%
Sarah ManningOrphan Black
0%
JuneOs Inocentes
0%
Angus MhorOutlander
0%
Anissa PierceRaio Negro
0%
DodóiSamantha!
0%
Adora crellinSharp Objects
0%
Nick BlaineThe Handmaid's Tale
0%
Dinah MadaniThe Punnisher
0%
Cal McTeerTidelands
0%
Jojo ToddynhoVai Anitta
0%
Addy CarverZ Nation
0%

Distribución de puntuación

Porcentaje por número respondido

Porcentaje de gente con cada puntuación

Historial de tus puntuaciones

No has intentado esta prueba.